Wszystkie Miasta w Województwie Wielkopolskim - Statystyki

Ogólne statystyki
  • Ten quiz został rozwiązany 378 razy
    232 od ostatniego zresetowania
  • Średni wynik to 48 z 115
Statystyki odpowiedzi
Miasto % Poprawnych
Poznań
97%
Konin
88%
Kalisz
87%
Piła
86%
Leszno
84%
Gniezno
83%
Ostrów Wielkopolski
78%
Turek
70%
Września
70%
Środa Wielkopolska
69%
Jarocin
68%
Grodzisk Wielkopolski
66%
Koło
66%
Swarzędz
66%
Szamotuły
66%
Wągrowiec
66%
Nowy Tomyśl
65%
Oborniki
65%
Śrem
65%
Pleszew
61%
Wolsztyn
61%
Czarnków
60%
Krotoszyn
60%
Kępno
59%
Rawicz
59%
Kościan
58%
Luboń
58%
Ostrzeszów
58%
Trzcianka
58%
Złotów
58%
Chodzież
56%
Kórnik
56%
Gostyń
55%
Słupca
54%
Międzychód
53%
Wronki
53%
Mosina
52%
Buk
50%
Krzyż Wielkopolski
50%
Puszczykowo
50%
Rogoźno
45%
Opalenica
44%
Kostrzyn
42%
Murowana Goślina
42%
Kłodawa
41%
Książ Wielkopolski
41%
Ujście
40%
Pobiedziska
39%
Śmigiel
39%
Jastrowie
37%
Koźmin Wielkopolski
37%
Pniewy
37%
Ślesin
37%
Czempiń
36%
Bojanowo
35%
Pyzdry
35%
Stęszew
35%
Nowe Skalmierzyce
34%
Sieraków
34%
Wyrzysk
34%
Odolanów
33%
Borek Wielkopolski
32%
Budzyń
32%
Golina
32%
Krajenka
32%
Margonin
32%
Miejska Górka
32%
Okonek
32%
Dobra
31%
Miasteczko Krajeńskie
31%
Zduny
31%
Grabów nad Prosną
30%
Krobia
30%
Rydzyna
30%
Szamocin
30%
Wieleń
30%
Kobylin
29%
Łobżenica
29%
Mikstat
29%
Miłosław
29%
Kleczew
28%
Obrzycko
28%
Skoki
28%
Gołańcz
27%
Kaczory
27%
Lwówek
27%
Rychwał
27%
Sompolno
27%
Tuliszków
27%
Żerków
27%
Nekla
26%
Rakoniewice
26%
Dolsk
25%
Koźminek
25%
Opatówek
25%
Stawiszyn
25%
Sulmierzyce
25%
Trzemeszno
25%
Witkowo
25%
Czerniejewo
24%
Chocz
23%
Dobrzyca
23%
Jutrosin
23%
Osieczna
23%
Dąbie
22%
Kłecko
22%
Ostroróg
22%
Pogorzela
22%
Wielichowo
22%
Wysoka
22%
Zagórów
22%
Krzywiń
21%
Poniec
21%
Jaraczewo
18%
Przedecz
18%
Nie znaleziono quizów pasujących do podanych kryteriów
Rozkład punktacji
Procent ludzi z każdym wynikiem
Percentyl według liczby udzielonych odpowiedzi
Twoja historia wyników
Nie rozwiązałeś tego quizu od ostatniego zresetowania